000 00336nam a2200169Ia 4500
100 _aRao/Nageswara
650 _aC Programming
942 _cBK
366 _f20
654 _acore python
245 _aCore python programming
260 _bDreamtech
_c2018
082 _bRAO
300 _a733
546 _aENGLISH
999 _c25846
_d25846